M-Letter Subdivisions of Asia - Statistics

General Stats
  • This quiz has been taken 16 times
    4 since last reset
  • The average score is 26 of 54
Answer Stats
Country Subdivision Type Answer % Correct
Jordan Governorate Ma'an
100%
China Special Region Macau
100%
India State Madhya Pradesh
100%
Saudi Arabia Region Medina
100%
Russia Region Magadan
67%
Myanmar Region Magway
67%
India State Maharashtra
67%
Thailand Province Maha Sarakham
67%
Saudi Arabia Region Makkah
67%
Malaysia State Malacca
67%
Türkiye Province Malatya
67%
Maldives City Malé
67%
Maldives Atoll Malé (Kaafu)
67%
Indonesia Province Maluku
67%
Myanmar Region Mandalay
67%
Kazakhstan Region Mangystau
67%
India State Manipur
67%
Turkmenistan Region Mary
67%
Iran Province Mazandaran
67%
India State Meghalaya
67%
Japan Prefecture Mie
67%
Japan Prefecture Miyagi
67%
Japan Prefecture Miyazaki
67%
India State Mizoram
67%
Türkiye Province Muş
67%
Jordan Governorate Madaba
33%
Nepal Province Madhesh
33%
Thailand Province Mae Hong Son
33%
Jordan Governorate Mafraq
33%
East Timor Municipality Manatuto
33%
Türkiye Province Manisa
33%
East Timor Municipality Manufahi
33%
Türkiye Province Mardin
33%
Yemen Province Ma'rib
33%
Iran Province Markazi
33%
Azerbaijan District Masally
33%
Türkiye Province Mersin
33%
Taiwan County Miaoli
33%
Myanmar State Mon
33%
Cambodia Province Mondulkiri
33%
Lebanon Governorate Mount Lebanon
33%
Türkiye Province Muğla
33%
Bahrain Province Muharraq
33%
Thailand Province Mukdahan
33%
Oman Province Musandam
33%
Oman Province Muscat
33%
Iraq Province Muthanna
33%
Bangladesh Division Mymensingh
33%
Iraq Province Maysan
0%
Azerbaijan City Mingachevir
0%
Bhutan District Mongar
0%
Georgia Region Mtskheta-Mtianeti
0%
Kuwait Province Mubarak Al-Kabeer
0%
Maldives Atoll Mulaku (Meemu)
0%
No matching quizzes found
Score Distribution
Percent of People with Each Score
Percentile by Number Answered
Your Score History
You have not taken this quiz since the last reset